Ensayos varones de Castillo
Guardat en:
| Autor principal: | |
|---|---|
| Format: | Llibre |
| Idioma: | espanyol |
| Publicat: |
Madrid
Espasa-Calpe
1942
|
| Col·lecció: | Clásicos Castellanos, 49
|
| Matèries: | |
| Etiquetes: |
Afegir etiqueta
Sense etiquetes, Sigues el primer a etiquetar aquest registre!
|
MARC
| LEADER | 00000nam a2200000 a 4500 | ||
|---|---|---|---|
| 001 | UCX5273 | ||
| 003 | CL-VaPUC | ||
| 008 | 921016e19420000SP |||||||||||||||||spa|d | ||
| 082 | 0 | 4 | |a 864 |b PUL |2 21 |
| 100 | 0 | |a Pulgar, Fernando del |e author |9 321554 | |
| 245 | 1 | 0 | |a Ensayos varones de Castillo |
| 300 | |a 164 p | ||
| 942 | |c BK | ||
| 945 | |d 19921016 00:00:00 | ||
| 260 | |a Madrid |b Espasa-Calpe |c 1942 | ||
| 650 | 0 | |a Ensayos españoles |9 313128 | |
| 583 | |a last modification |c 19921016 00:00:00 |k Rodrigo Vera | ||
| 490 | 0 | |a Clásicos Castellanos, 49 | |
| 999 | |c 225564 |d 225562 | ||
| 952 | |0 0 |1 0 |4 0 |6 864_000000000000000_PUL_1942 |7 0 |8 A |9 223173 |a BIBEDU |b BIBEDU |d 2019-11-15 |i 2920212 |o 864 PUL 1942 |p 2920212 |r 2019-11-15 |w 2019-11-15 |y BK |k LIT | ||